Score 0/20 Timer 02:00
1 Play Today
Song Title Word Reduction % Correct
I _____ FeelingGotta
92.2%
Whole _____ LoveLotta
88.9%
I _____ Dance With SomebodyWanna
88.7%
A Change is _____ ComeGonna
77%
Straight _____ ComptonOutta
64.7%
_____ ShelterGimme
53.1%
You _____ KnowOughta
53%
If the South ___ WonWoulda
47.1%
___ Let You GoShoulda
37.7%
I'm Gonna _____ Good! Getcha
37.5%
Song Title Word Reduction % Correct
It ___ Been MeCoulda
37.4%
_____ SayWhatcha
32.3%
Have a _____ TeaCuppa
26.2%
My Secret (_____ Get It Yet?)Didja
15%
My _____ LoveKinda
11.1%
___ Can't Do It Like MeBetcha
8.3%
_____ Get ThatLemme
5.2%
A _____ FairytaleSorta
5%
___ LuckLotsa
4.6%
I _____Gotcha
3.1%

Today's Daily Dose

Remove Ads.
Support Sporcle.
Get the best of Sporcle when you Go Orange. This ad-free experience offers more features, more stats, and more fun while also helping to support Sporcle. Thank you for becoming a member.

You're not logged in!

Compare scores with friends on all Sporcle quizzes.
OR
Log In

Show Comments

Extras

Top Quizzes Today


Score Distribution

Your Account Isn't Verified!

In order to create a playlist on Sporcle, you need to verify the email address you used during registration. Go to your Sporcle Settings to finish the process.

Report this User

Report this user for behavior that violates our Community Guidelines.

Details: